| 000 | 00430nam a2200181Ia 4500 | ||
|---|---|---|---|
| 003 | GCL | ||
| 008 | 140319s9999 xx 000 0 eng d | ||
| 020 | _a2879392365 | ||
| 040 |
_aGCL / _cGCL |
||
| 082 | 0 | 4 |
_a759.0623 _bC C |
| 100 | 1 | _aCABANNE, PIERRE | |
| 245 | 1 | 0 |
_aCUBISM / _cCABANNE, PIERRE |
| 260 |
_aنيويورك : _bTERRAIL |
||
| 300 |
_a32 CM ؛ _c206 P |
||
| 650 | 0 | 4 | _aPAINTING |
| 650 | 0 | 4 | _aCUBISM |
| 942 |
_2ddc _cBK |
||
| 999 |
_c6638 _d6638 |
||